000 00456nam a2200181Ia 4500
008 131103s9999 xx 000 0 und d
020 _a0 7195 3664 2
040 _aLoreto College
041 _aEnglish
082 _aF/RID
_bLCBED/11113
245 _aSea
260 _aLondon
_bJohn murray
_c1980
300 _a121p.
_c 21cm.
440 _aThe short story series
650 _aEnglish literature - Short story
850 _aLCBED/F/RID
942 _cBK
999 _c32857
_d83336